000 00571nam a2200241Ia 4500
008 210210b2007 xxu||||| |||| 00| 0 eng d
020 _a0070634424
041 _aeng
082 _a621 BEIS
100 _aBEISER (Arthur)
245 _aSchaums outlines applied physics Ed 4
250 _a
260 _aNew Delhi
_bTata McGraw-Hill Publishing Company Ltd.
_c2007
300 _axiv,458
650 _aSchaums
650 _aphysics
650 _aoutlines
650 _aEd
650 _aapplied
650 _a4
690 _aApplied Physics
906 _a062917
999 _c130601
_d130601